000 00387nam a2200145Ia 4500
008 151213s9999 xx 000 0 und d
100 _aPaul Christopher Sen
245 _aAn English Phonetics Course
_cPaul Christopher Sen
260 _aLondon
_bLongmans
_c1956
300 _a4538 p.
650 _aEnglish
650 _aEnglish Language
700 _aPaul Christopher Sen
999 _c2912
_d2912